Statistics for Most common German male names (2000s)

Click here to take the quiz!

General Stats

  • This quiz has been taken 59 times
  • The average score is 5 of 10

Answer Stats

First LetterAnswer% Correct
TTom
71%
TTim
69%
LLeon
62%
LLukas
55%
JJan
53%
LLuca
40%
FFinn
36%
JJonas
31%
NNiklas
27%
JJannik
18%

Score Distribution

Percentile by Number Answered

Percent of People with Each Score

Your Score History

You have not taken this quiz